| 000 | 00726nam a22002177a 4500 | ||
|---|---|---|---|
| 999 |
_c15349 _d15349 |
||
| 003 | AR-CdUCM | ||
| 008 | 190426b ||||| |||| 00| 0 spa d | ||
| 020 | _a968-16-4497-2 | ||
| 040 |
_aMUNICIPALIDAD PROVINCIAL DEL CUSCO _cBIBLIOTECA MUNICIPAL DEL CUSCO |
||
| 041 | _heng | ||
| 082 |
_aPI / 808.068 / _bW11 |
||
| 100 |
_aWaddell, Martín _934393 |
||
| 245 | _aAhí viene el malvado topo / | ||
| 260 |
_aMéxico, D.F. : _bFondo de cultura económica, _c1994. |
||
| 300 |
_a28 páginas ; _bIlustraciones, _c23 cm. |
||
| 440 |
_aLos especiales de A la orilla del viento ; _933315 |
||
| 650 |
_aLiteratura infantil _9588 |
||
| 700 |
_aSegovia, Lucía (traducción) _934394 |
||
| 942 |
_2ddc _cLIBROS |
||
| 945 |
_aacv _d2019-04-26 |
||